[Event "BL 9192 Bamberg-Empor Berlin"]
[Site "?"]
[Date "1992.??.??"]
[Round "?.7"]
[White "Rosenthal, D."]
[Black "Niedermaier, H."]
[Result "1/2-1/2"]
[WhiteElo "2350"]
[BlackElo "2315"]
[PlyCount "125"]
[EventDate "1992.??.??"]

1. e4 e5 2. Nf3 Nc6 3. Bb5 Bc5 4. O-O Nd4 5. Nxd4 Bxd4 6. c3 Bb6 7. d4 c6 8.
Ba4 d6 9. Bb3 Nf6 10. Bg5 h6 11. Bh4 g5 12. Bg3 Qe7 13. Nd2 Bg4 14. f3 Be6 15.
Nc4 Bc7 16. Ne3 O-O-O 17. c4 exd4 18. Qxd4 Bb6 19. Qc3 Nh5 20. Bf2 Nf4 21. Rfe1
Kb8 22. Bc2 Rhg8 23. Nf5 Bxf2+ 24. Kxf2 Qc7 25. g3 Ng6 26. Rad1 Ne5 27. Ne3 h5
28. b4 c5 29. b5 h4 30. Rh1 Rg6 31. Bd3 Qe7 32. Nf5 Qf6 33. Rc1 Rgg8 34. Qc2
Bxf5 35. exf5 Nxd3+ 36. Qxd3 d5 37. cxd5 Qb2+ 38. Rc2 Rxd5 39. Rxb2 Rxd3 40.
Re1 hxg3+ 41. hxg3 Rh8 42. Kg2 c4 43. Re7 c3 44. Rc2 f6 45. Re4 Rhd8 46. Kf2
R8d5 47. a4 Rxf5 48. Re3 Rfd5 49. Rxc3 Rxc3 50. Rxc3 Rd4 51. Re3 Rxa4 52. b6
Ra2+ 53. Ke1 axb6 54. Re6 f5 55. Rg6 f4 56. Rxg5 fxg3 57. Rxg3 Kc7 58. f4 Rb2
59. f5 Kd6 60. Re3 Rb5 61. Rf3 Ke7 62. Kd2 Kf6 63. Kc3 1/2-1/2

[Event "BL 9192 Bamberg-Empor Berlin"]
[Site "?"]
[Date "1992.??.??"]
[Round "?.8"]
[White "Huemmer, B."]
[Black "Schoene, R."]
[Result "1-0"]
[WhiteElo "2275"]
[BlackElo "2340"]
[PlyCount "46"]
[EventDate "1992.??.??"]

1. d4 Nf6 2. Nf3 d6 3. Bg5 h6 4. Bh4 g5 5. Bg3 Nh5 6. e4 Bg7 7. c3 e6 8. Ng1
Nxg3 9. hxg3 c5 10. dxc5 dxc5 11. Nd2 O-O 12. f4 e5 13. f5 Bd7 14. Ngf3 g4 15.
Nh2 h5 16. Nxg4 hxg4 17. Qxg4 b5 18. O-O-O f6 19. Nc4 Qe7 20. Nd6 a6 21. Qg6
Rd8 22. Rh7 Kf8 23. Bc4 bxc4 1-0

[Event "BL 9192 München 36-Hannover"]
[Site "?"]
[Date "1992.??.??"]
[Round "?.2"]
[White "Smejkal, J."]
[Black "Dankert, P."]
[Result "1/2-1/2"]
[WhiteElo "2535"]
[BlackElo "2265"]
[PlyCount "87"]
[EventDate "1992.??.??"]

1. Nf3 d5 2. c4 e6 3. d4 c5 4. cxd5 exd5 5. g3 Nf6 6. Bg2 Be7 7. O-O O-O 8. Nc3
Nc6 9. Bg5 cxd4 10. Nxd4 h6 11. Be3 Re8 12. Rc1 Bf8 13. Qa4 Bd7 14. Nxd5 Nxd5
15. Bxd5 Nb4 16. Qb3 Nxd5 17. Qxd5 Bh3 18. Qxd8 Raxd8 19. Rfd1 Rc8 20. Rxc8
Rxc8 21. f3 Bd7 22. Kf2 a6 23. Rd3 Be7 24. Ke1 Bf6 25. Kd2 Bxd4 26. Rxd4 Be6
27. b3 Bf5 28. Kd1 Bc2+ 29. Ke1 Bb1 30. Rd2 b5 31. Rb2 Bf5 32. Kd2 a5 33. Bb6
a4 34. e4 Be6 35. Bd4 axb3 36. axb3 f6 37. b4 Ra8 38. Rc2 Bc4 39. Ke3 Ra3+ 40.
Bc3 Ra2 41. Bb2 Ra4 42. Bc3 Ra2 43. Bb2 Ra4 44. Bc3 1/2-1/2

[Event "BL 9192 München 36-Hannover"]
[Site "?"]
[Date "1992.??.??"]
[Round "?.4"]
[White "Enders, P."]
[Black "Behrens, H."]
[Result "1-0"]
[WhiteElo "2475"]
[BlackElo "2305"]
[PlyCount "107"]
[EventDate "1992.??.??"]

1. e4 e6 2. d4 d5 3. Nc3 Bb4 4. e5 Qd7 5. Qg4 f5 6. Qg3 b6 7. a3 Bxc3+ 8. Qxc3
Ba6 9. Bxa6 Nxa6 10. Qd3 Nb8 11. Nf3 Ne7 12. b3 c5 13. a4 cxd4 14. Ba3 Nbc6 15.
O-O-O O-O-O 16. Nxd4 Nxd4 17. Qxd4 Nc6 18. Qf4 g5 19. Qxg5 Rhg8 20. Qf4 Rxg2
21. Rhg1 Rdg8 22. Rxg2 Rxg2 23. Bd6 Qg7 24. Rd3 Qg5 25. Qxg5 Rxg5 26. Rh3 Rg7
27. Kd2 Kd7 28. Kd3 Nd8 29. Bf8 Rf7 30. Ba3 Rg7 31. c4 Kc6 32. f4 a6 33. Bf8
Rf7 34. Bd6 dxc4+ 35. bxc4 Nb7 36. Rh6 Rd7 37. Kd4 Nc5 38. Ke3 Nxa4 39. Rxe6
Nc5 40. Bxc5+ Kxc5 41. Rf6 a5 42. Rxf5 Kxc4 43. e6 Re7 44. Re5 a4 45. f5 a3 46.
Kf4 a2 47. Re1 b5 48. Ke5 b4 49. f6 Ra7 50. f7 Ra5+ 51. Kf6 b3 52. f8=Q b2 53.
Qc8+ Rc5 54. Qa6+ 1-0

[Event "BL 9192 München 36-Hannover"]
[Site "?"]
[Date "1992.??.??"]
[Round "?.6"]
[White "Ruf, M."]
[Black "Nagatz, F."]
[Result "1-0"]
[WhiteElo "2395"]
[BlackElo "2255"]
[PlyCount "77"]
[EventDate "1992.??.??"]

1. d4 Nf6 2. Nf3 e6 3. Bf4 c5 4. c3 Nc6 5. e3 d5 6. Nbd2 Be7 7. h3 a6 8. a4 b6
9. Bd3 Bb7 10. Bh2 Bd6 11. Ne5 Qc7 12. f4 c4 13. Bc2 b5 14. Qe2 Ne7 15. Qf3 b4
16. O-O O-O 17. g4 Nd7 18. e4 f6 19. Nxd7 Qxd7 20. Qe2 bxc3 21. bxc3 f5 22.
gxf5 exf5 23. e5 Bc7 24. Rf3 Rae8 25. Bg3 Nc6 26. Nf1 Nd8 27. Ne3 g6 28. Kh2
Ba5 29. Rg1 Kh8 30. Bh4 Bxc3 31. Nxf5 Rxf5 32. Rxc3 Rxf4 33. Bg5 Rf7 34. Rf3
Rxf3 35. Qxf3 Qf7 36. Bf6+ Kg8 37. Bxg6 hxg6 38. Qh5 Kf8 39. Qh6+ 1-0

[Event "BL 9192 München 36-Hannover"]
[Site "?"]
[Date "1992.??.??"]
[Round "?.8"]
[White "Reich, T."]
[Black "Oppitz, P."]
[Result "1-0"]
[WhiteElo "2350"]
[BlackElo "2240"]
[PlyCount "119"]
[EventDate "1992.??.??"]

1. c4 g6 2. d4 Bg7 3. e4 d6 4. Nc3 Nf6 5. f3 O-O 6. Be3 Nc6 7. Nge2 a6 8. Qd2
Rb8 9. Nc1 e5 10. d5 Nd4 11. N1e2 c5 12. dxc6 bxc6 13. Nxd4 exd4 14. Bxd4 Be6
15. Rc1 Qa5 16. Be2 Rfd8 17. O-O Qb4 18. b3 d5 19. Qe3 dxc4 20. Bc5 Qa5 21. b4
Qc7 22. Rfd1 Rxd1+ 23. Rxd1 Rd8 24. Bb6 Rxd1+ 25. Nxd1 Qe5 26. Bd4 Qb5 27. Qc3
Ne8 28. Bxg7 Nxg7 29. Ne3 c5 30. a3 cxb4 31. axb4 Qb6 32. Kf1 Ne8 33. Bxc4
Bxc4+ 34. Nxc4 Qc7 35. e5 f6 36. Qd4 fxe5 37. Qd5+ Kf8 38. Nxe5 Nd6 39. Qc6 Nb5
40. Qf6+ Kg8 41. Nc6 Qf7 42. Qxf7+ Kxf7 43. Nb8 Nc7 44. Ke2 Ke6 45. Kd3 Kd5 46.
Kc3 h5 47. h4 Ke5 48. g3 Kf5 49. Kd4 g5 50. hxg5 Kxg5 51. Kc5 h4 52. gxh4+ Kxh4
53. Kc6 Ne6 54. Nxa6 Kg3 55. Kd5 Ng5 56. b5 Nf7 57. b6 Nd8 58. Nc5 Kxf3 59. Kd6
Nf7+ 60. Kc7 1-0

[Event "BL 9192 Bayern-HSK"]
[Site "?"]
[Date "1992.??.??"]
[Round "?.1"]
[White "Wahls, M."]
[Black "Yusupov, A."]
[Result "0-1"]
[WhiteElo "2570"]
[BlackElo "2655"]
[PlyCount "104"]
[EventDate "1992.??.??"]

1. e4 e6 2. d4 d5 3. Nc3 Bb4 4. e5 Ne7 5. Bd2 b6 6. Nce2 Bxd2+ 7. Qxd2 Ba6 8.
Nf3 c5 9. c3 O-O 10. Nf4 Bxf1 11. Kxf1 Nbc6 12. h4 Ng6 13. Nd3 c4 14. h5 Nh8
15. Nf4 Qe7 16. Re1 Rae8 17. Rh3 f6 18. Kg1 Nf7 19. Rg3 fxe5 20. dxe5 Kh8 21.
b4 b5 22. Ne2 Nh6 23. Ned4 Nxd4 24. Nxd4 Nf5 25. Rh3 Nxd4 26. Qxd4 Rf5 27. f4
Qf7 28. Rf1 Rf8 29. Rhf3 Rxh5 30. Qc5 Rg8 31. Qxb5 g5 32. Rg3 g4 33. Qc5 Rf5
34. Qd4 h5 35. Re3 g3 36. Rff3 h4 37. Re1 Qh7 38. Qe3 Rg4 39. b5 Qf7 40. Ref1
Rg7 41. a4 Qe8 42. Rb1 Qg6 43. Rbf1 h3 44. gxh3 Qh7 45. Kg2 Rh5 46. Rxg3 Rxh3
47. Rxg7 Rh2+ 48. Kg1 Rh1+ 49. Kf2 Qc2+ 50. Kg3 Qh2+ 51. Kg4 Qh5+ 52. Kg3 Qh3+
0-1

[Event "BL 9192 Bayern-HSK"]
[Site "?"]
[Date "1992.??.??"]
[Round "?.3"]
[White "Brunner, L."]
[Black "Hertneck, G."]
[Result "1-0"]
[WhiteElo "2500"]
[BlackElo "2530"]
[PlyCount "57"]
[EventDate "1992.??.??"]

1. e4 e6 2. d4 d5 3. Nd2 c5 4. exd5 Qxd5 5. Ngf3 cxd4 6. Bc4 Qd6 7. O-O Nf6 8.
Nb3 Nc6 9. Nbxd4 Nxd4 10. Nxd4 a6 11. Re1 Bd7 12. c3 Qc7 13. Qe2 Bd6 14. h3 O-O
15. Bb3 h6 16. Be3 Rae8 17. Rad1 e5 18. Nc2 Bc6 19. Bb6 Qxb6 20. Rxd6 Qc5 21.
Rxf6 gxf6 22. Qg4+ Kh8 23. Qh5 Kg7 24. Re3 Qe7 25. Rg3+ Kh7 26. Ne3 f5 27. Rg7+
Kxg7 28. Nxf5+ Kf6 29. Qxh6+ 1-0

[Event "BL 9192 Bayern-HSK"]
[Site "?"]
[Date "1992.??.??"]
[Round "?.4"]
[White "Boensch, U."]
[Black "Mueller, Ka"]
[Result "1-0"]
[WhiteElo "2500"]
[BlackElo "2460"]
[PlyCount "83"]
[EventDate "1992.??.??"]

1. d4 d5 2. c4 dxc4 3. e3 Nf6 4. Bxc4 e6 5. Nf3 c5 6. O-O a6 7. b3 b5 8. Be2
Bb7 9. Bb2 Nbd7 10. Nbd2 Be7 11. a4 b4 12. Nc4 O-O 13. Nfe5 cxd4 14. Nxd7 Nxd7
15. Bxd4 Bd5 16. a5 Bf6 17. Ra4 Bxc4 18. Bxc4 Qe7 19. Bxf6 Nxf6 20. Qd2 Rfb8
21. f3 Qc5 22. Qd4 Qxd4 23. exd4 Ra7 24. Re1 Kf8 25. Kf2 Nd7 26. g4 Ke7 27. g5
Kd6 28. f4 Nf8 29. h4 Ng6 30. Kg3 Ne7 31. Kg4 Nf5 32. d5 exd5 33. Bxd5 Kxd5 34.
Kxf5 Kd4 35. Rc1 Rb5+ 36. Kg4 Kd3 37. Rc4 Rab7 38. Kf3 g6 39. Ra1 Kd2 40. Ra2+
Kd3 41. Re2 Rxa5 42. Rcc2 1-0

[Event "BL 9192 Bayern-HSK"]
[Site "?"]
[Date "1992.??.??"]
[Round "?.5"]
[White "Maus, So"]
[Black "Kindermann, S."]
[Result "0-1"]
[WhiteElo "2385"]
[BlackElo "2505"]
[PlyCount "62"]
[EventDate "1992.??.??"]

1. e4 e6 2. d4 d5 3. Nc3 Bb4 4. e5 c5 5. Bd2 Ne7 6. dxc5 Nbc6 7. f4 Bxc5 8. Nf3
O-O 9. Bd3 f6 10. exf6 Rxf6 11. Qe2 Nb4 12. O-O-O Bd7 13. h4 a6 14. Kb1 Rc8 15.
a3 Nxd3 16. Qxd3 Ng6 17. g3 Qb6 18. Ka1 Nf8 19. h5 h6 20. Ne5 Be8 21. g4 Bd4
22. g5 hxg5 23. h6 Rxh6 24. Rxh6 gxh6 25. Ng4 h5 26. Be3 Bxe3 27. Nxe3 d4 28.
Rg1 dxc3 29. Rxg5+ Bg6 30. Rxg6+ Kf7 31. bxc3 Nxg6 0-1

[Event "BL 9192 Bayern-HSK"]
[Site "?"]
[Date "1992.??.??"]
[Round "?.6"]
[White "Bischoff, K."]
[Black "Wegner, H."]
[Result "1/2-1/2"]
[WhiteElo "2495"]
[BlackElo "2385"]
[PlyCount "118"]
[EventDate "1992.??.??"]

1. e4 e5 2. Nf3 Nc6 3. Bb5 a6 4. Ba4 Nf6 5. O-O Be7 6. Re1 b5 7. Bb3 d6 8. c3
O-O 9. h3 Bb7 10. d4 Re8 11. Ng5 Rf8 12. Nf3 Re8 13. Nbd2 Bf8 14. Bc2 g6 15. d5
Ne7 16. b3 Bg7 17. c4 c6 18. Bb2 cxd5 19. cxd5 Nh5 20. b4 Nf4 21. Nb3 Rb8 22.
Na5 Ba8 23. g3 Nh5 24. Nh2 Qd7 25. Ng4 Rf8 26. Rc1 Kh8 27. Bb3 f5 28. exf5 Rxf5
29. Nc6 Rbf8 30. Nxe7 Qxe7 31. Bd4 Qd8 32. Be3 Nf6 33. Re2 Ng8 34. h4 R5f7 35.
Rc3 h5 36. Nh2 Bh6 37. Nf1 Bb7 38. Bc2 Bxe3 39. Nxe3 Ne7 40. Rd2 Kg7 41. Be4
Bc8 42. Rdc2 Bf5 43. Bxf5 Nxf5 44. Nxf5+ Rxf5 45. Rc7+ R5f7 46. Qc1 Qf6 47. Qe3
Qf5 48. Qb6 Rxc7 49. Rxc7+ Kg8 50. Qa7 Qf6 51. Re7 g5 52. hxg5 Qxg5 53. Qd7 h4
54. Qe6+ Kh8 55. Re8 Rxe8 56. Qxe8+ Kg7 57. Qd7+ Kg8 58. Qe6+ Kg7 59. Qd7+ Kg8
1/2-1/2

[Event "BL 9192 Bayern-HSK"]
[Site "?"]
[Date "1992.??.??"]
[Round "?.7"]
[White "Heinemann, T."]
[Black "Stangl, M."]
[Result "0-1"]
[WhiteElo "2395"]
[BlackElo "2465"]
[PlyCount "72"]
[EventDate "1992.??.??"]

1. d4 Nf6 2. c4 e6 3. g3 Bb4+ 4. Bd2 Be7 5. Bg2 d5 6. Nf3 O-O 7. O-O Nbd7 8.
Qc2 c6 9. cxd5 exd5 10. b4 Ne4 11. b5 cxb5 12. Qb3 Nb6 13. Ba5 Be6 14. Qxb5 Qd7
15. Qb3 Nc4 16. Bb4 Bxb4 17. Qxb4 a5 18. Qb3 Ra6 19. Qd3 Rc8 20. Ne5 Nxe5 21.
dxe5 Bf5 22. Nd2 Nxg3 23. Qxd5 Nxf1 24. Nxf1 Qxd5 25. Bxd5 Rb6 26. e4 Bh3 27.
Rd1 Rg6+ 28. Ng3 h5 29. f4 h4 30. f5 Rg5 31. e6 hxg3 32. hxg3 Rxg3+ 33. Kh2 Re3
34. Rd2 Kf8 35. exf7 Rd8 36. Rb2 Bxf5 0-1

[Event "BL 9192 Bayern-HSK"]
[Site "?"]
[Date "1992.??.??"]
[Round "?.8"]
[White "Schlosser, P."]
[Black "Sievers, S."]
[Result "1/2-1/2"]
[WhiteElo "2485"]
[BlackElo "2365"]
[PlyCount "109"]
[EventDate "1992.??.??"]

1. c4 c5 2. g3 g6 3. Bg2 Bg7 4. Nc3 Nc6 5. d3 e6 6. Bxc6 dxc6 7. Qd2 Ne7 8. b3
O-O 9. Bb2 e5 10. Ne4 b6 11. f4 Bf5 12. O-O-O Bxe4 13. dxe4 Qxd2+ 14. Rxd2 exf4
15. gxf4 Bxb2+ 16. Kxb2 Rfd8 17. Nf3 Rxd2+ 18. Nxd2 Rd8 19. Kc3 f6 20. Nf3 Kf7
21. h4 h5 22. Rg1 Ke6 23. e5 fxe5 24. Nxe5 Kf5 25. Nd3 Rd7 26. Rg5+ Kf6 27. e4
Rd8 28. Kd2 Rd4 29. Ke3 Rd8 30. Rg2 Rd4 31. a4 a5 32. Rd2 Ke6 33. Ne5 Rxd2 34.
Kxd2 Kd6 35. Ke3 Kc7 36. Nf7 Kd7 37. Ng5 Kd8 38. Kf3 Kd7 39. Nh7 Ke6 40. Nf8+
Kf7 41. Nd7 Ke6 42. Ne5 Kd6 43. Nd3 Ke6 44. Ke3 Kd6 45. Nf2 Ke6 46. Nh1 Kf6 47.
Ng3 Ke6 48. Kf3 Kf6 49. Ne2 Ke6 50. Ng3 Kf6 51. Kf2 Ke6 52. Ke3 Kf6 53. e5+ Ke6
54. Ke4 Nf5 55. Nxf5 1/2-1/2

[Event "BL 9192 Hannover-Bayern"]
[Site "?"]
[Date "1992.??.??"]
[Round "?.2"]
[White "Dankert, P."]
[Black "Ribli, Z."]
[Result "0-1"]
[WhiteElo "2265"]
[BlackElo "2595"]
[PlyCount "47"]
[EventDate "1992.??.??"]

1. d4 Nf6 2. c4 e6 3. Nf3 d5 4. Nc3 dxc4 5. Qa4+ c6 6. Qxc4 b5 7. Qb3 a6 8. Bg5
Nbd7 9. e4 h6 10. Bxf6 Nxf6 11. e5 Nd7 12. Be2 Bb7 13. O-O Be7 14. Rfd1 O-O 15.
Rac1 Qb6 16. Qc2 Rac8 17. Qe4 Rfd8 18. Bd3 Nf8 19. Qf4 c5 20. Ne4 Bxe4 21. Bxe4
cxd4 22. Rxc8 Rxc8 23. Rxd4 Bg5 24. Nxg5 0-1

[Event "BL 9192 Hannover-Bayern"]
[Site "?"]
[Date "1992.??.??"]
[Round "?.5"]
[White "Bischoff, K."]
[Black "Nagatz, F."]
[Result "1-0"]
[WhiteElo "2495"]
[BlackElo "2255"]
[PlyCount "85"]
[EventDate "1992.??.??"]

1. d4 Nf6 2. c4 e6 3. Nf3 b6 4. g3 Ba6 5. Nbd2 Bb7 6. Bg2 Be7 7. O-O O-O 8. b3
c5 9. dxc5 bxc5 10. Bb2 d6 11. Qc2 Nbd7 12. Rad1 Qc7 13. Ng5 Bxg2 14. Kxg2 Rac8
15. Nge4 Qb7 16. Kg1 d5 17. Bxf6 Nxf6 18. Nxf6+ Bxf6 19. e4 Rfd8 20. exd5 exd5
21. Rfe1 Re8 22. Qd3 dxc4 23. Nxc4 Rxe1+ 24. Rxe1 g6 25. Qe4 Qa6 26. Re2 Rd8
27. Kg2 Kg7 28. Qf3 Qb5 29. Rd2 Rxd2 30. Nxd2 Bd4 31. Nc4 Qa6 32. a4 Qe6 33.
Na5 Qd7 34. Nc6 Bf6 35. h3 h5 36. Na5 Qc7 37. Nc4 Bd4 38. Qd5 Qe7 39. Nd6 Be5
40. Ne4 Bd4 41. b4 Qe8 42. bxc5 Qxa4 43. Ng5 1-0

[Event "BL 9192 Hannover-Bayern"]
[Site "?"]
[Date "1992.??.??"]
[Round "?.6"]
[White "Koelle, A."]
[Black "Stangl, M."]
[Result "0-1"]
[WhiteElo "2240"]
[BlackElo "2465"]
[PlyCount "50"]
[EventDate "1992.??.??"]

1. e4 c5 2. Nf3 d6 3. d4 cxd4 4. Nxd4 Nf6 5. Nc3 a6 6. f4 e5 7. Nf3 Nbd7 8. a4
Be7 9. Bd3 O-O 10. O-O Nc5 11. Qe2 exf4 12. Bxf4 Bg4 13. Kh1 Re8 14. Qd2 Rc8
15. Rae1 Qb6 16. e5 Nxd3 17. exf6 Nxe1 18. Nd5 Nxf3 19. gxf3 Qc6 20. fxe7 Bh5
21. Rf2 f6 22. b3 Kf7 23. Kg1 Bg6 24. Rg2 Qxc2 25. Qe1 Qxb3 0-1

[Event "BL 9192 Hannover-Bayern"]
[Site "?"]
[Date "1992.??.??"]
[Round "?.8"]
[White "Oppitz, P."]
[Black "Pezerovic, E."]
[Result "1/2-1/2"]
[WhiteElo "2240"]
[BlackElo "2335"]
[PlyCount "71"]
[EventDate "1992.??.??"]

1. e4 c6 2. d4 d5 3. exd5 cxd5 4. c4 e6 5. Nc3 Nf6 6. Nf3 Be7 7. cxd5 Nxd5 8.
Bd3 Nc6 9. O-O O-O 10. Re1 Nxc3 11. bxc3 b6 12. Qe2 Bb7 13. Qe4 g6 14. Bh6 Re8
15. h4 Na5 16. Qg4 Bxf3 17. Qxf3 Bxh4 18. Bb5 Qf6 19. Qxf6 Bxf6 20. Bxe8 Rxe8
21. Re3 Nc4 22. Rf3 Be7 23. Bf4 Rd8 24. g4 Rd5 25. Kg2 h5 26. gxh5 Rxh5 27. Rh1
Ra5 28. Be5 Nxe5 29. dxe5 Rxe5 30. Rd1 Ra5 31. Rd2 Kg7 32. Rfd3 Bf6 33. c4 Rc5
34. Rd7 Rxc4 35. Rxa7 Bd4 36. Rd3 1/2-1/2

[Event "BL 9192 HSK-München 36"]
[Site "?"]
[Date "1992.??.??"]
[Round "?.3"]
[White "Gruenberg, HU."]
[Black "Brunner, L."]
[Result "1/2-1/2"]
[WhiteElo "2510"]
[BlackElo "2500"]
[PlyCount "122"]
[EventDate "1992.??.??"]

1. d4 Nf6 2. c4 e6 3. Nf3 b6 4. a3 Bb7 5. Nc3 d5 6. cxd5 Nxd5 7. Qc2 Be7 8. e4
Nxc3 9. bxc3 O-O 10. Bd3 c5 11. O-O Qc8 12. Qe2 Ba6 13. Bf4 Bxd3 14. Qxd3 Qa6
15. Qxa6 Nxa6 16. d5 exd5 17. exd5 Bf6 18. Be5 Bxe5 19. Nxe5 Rad8 20. c4 f6 21.
Nc6 Rd7 22. Rfe1 Kf7 23. f3 Nb8 24. Re6 Nxc6 25. Rxc6 Re8 26. Kf2 b5 27. cxb5
Rxd5 28. Ra2 Re6 29. Rc7+ Re7 30. Rc8 Re8 31. Rxe8 Kxe8 32. a4 Kd7 33. Ke3 Kd6
34. a5 c4 35. b6 axb6 36. a6 c3 37. a7 c2 38. Rxc2 Ra5 39. Rd2+ Kc6 40. Rc2+
Kb7 41. Kd4 Rxa7 42. Kc4 Ra4+ 43. Kb5 Ra5+ 44. Kb4 Re5 45. h4 h5 46. Rc4 Rf5
47. Re4 Ka6 48. Re7 g5 49. hxg5 fxg5 50. Re8 h4 51. Ra8+ Kb7 52. Rg8 Kc6 53.
Rg6+ Kd5 54. Rxb6 Ke5 55. Kc3 Kf4 56. Rb4+ Ke3 57. Rg4 Kf2 58. Kd2 Rd5+ 59. Kc3
Rf5 60. Kd2 Rd5+ 61. Kc3 Rf5 1/2-1/2

[Event "BL 9192 HSK-München 36"]
[Site "?"]
[Date "1992.??.??"]
[Round "?.4"]
[White "Mueller, Ka"]
[Black "Enders, P."]
[Result "1-0"]
[WhiteElo "2460"]
[BlackElo "2475"]
[PlyCount "47"]
[EventDate "1992.??.??"]

1. e4 c5 2. Nf3 d6 3. d4 cxd4 4. Nxd4 Nf6 5. Nc3 e6 6. Bc4 a6 7. O-O b5 8. Bb3
Bb7 9. Re1 Nc6 10. a4 b4 11. Nxc6 Bxc6 12. Nd5 Bb7 13. Nxb4 Nxe4 14. a5 Nc5 15.
Bd5 Qc7 16. Bg5 h6 17. Bh4 Be7 18. Bxe7 Qxe7 19. c3 Rc8 20. Bxb7 Qxb7 21. Qxd6
Qb5 22. Rad1 h5 23. Nd5 Qd7 24. Qg3 1-0

[Event "BL 9192 HSK-München 36"]
[Site "?"]
[Date "1992.??.??"]
[Round "?.5"]
[White "Bastian, H."]
[Black "Maus, So"]
[Result "1/2-1/2"]
[WhiteElo "2330"]
[BlackElo "2385"]
[PlyCount "65"]
[EventDate "1992.??.??"]

1. e4 d5 2. exd5 Nf6 3. c4 e6 4. d4 exd5 5. Nc3 Be7 6. Nf3 O-O 7. cxd5 Nxd5 8.
Bd3 Bg4 9. O-O c6 10. Re1 Bf6 11. Be4 Re8 12. Bxd5 Rxe1+ 13. Qxe1 cxd5 14. Nxd5
Nc6 15. Nxf6+ Qxf6 16. Ne5 Re8 17. Be3 Nxe5 18. dxe5 Qxe5 19. Qb4 Be6 20. Qxb7
Bd5 21. Qd7 Qe4 22. Qh3 a6 23. b3 Re6 24. Re1 h6 25. f3 Qc2 26. Qh5 Qd3 27. Kf2
f5 28. Qh4 Rc6 29. Re2 Rc2 30. Rxc2 Qxc2+ 31. Kf1 Qb1+ 32. Qe1 Qxa2 33. b4
1/2-1/2

[Event "BL 9192 HSK-München 36"]
[Site "?"]
[Date "1992.??.??"]
[Round "?.7"]
[White "Roese, O."]
[Black "Heinemann, T."]
[Result "0-1"]
[WhiteElo "2375"]
[BlackElo "2395"]
[PlyCount "52"]
[EventDate "1992.??.??"]

1. e4 c5 2. Nf3 d6 3. d4 cxd4 4. Nxd4 Nf6 5. Nc3 a6 6. Bc4 e6 7. Bb3 Nbd7 8.
O-O Nc5 9. f4 Nfxe4 10. Nxe4 Nxe4 11. f5 e5 12. Qh5 Qe7 13. Be3 Nf6 14. Qf3 Qc7
15. g4 h6 16. h4 Bd7 17. g5 hxg5 18. hxg5 exd4 19. Bxd4 Bc6 20. Qe3+ Ne4 21.
Rf4 Qe7 22. f6 gxf6 23. gxf6 Nxf6 24. Bxf7+ Kd7 25. Qc3 Rh1+ 26. Kf2 Ne4+ 0-1

[Event "BL 9192 HSK-München 36"]
[Site "?"]
[Date "1992.??.??"]
[Round "?.8"]
[White "Sievers, S."]
[Black "Reich, T."]
[Result "1-0"]
[WhiteElo "2365"]
[BlackElo "2350"]
[PlyCount "91"]
[EventDate "1992.??.??"]

1. e4 d6 2. d4 Nf6 3. Nc3 g6 4. Be3 c6 5. Qd2 b5 6. f3 Qc7 7. Bd3 a6 8. a4 b4
9. Nd1 Nbd7 10. Qxb4 c5 11. dxc5 Nxc5 12. Ne2 Bg7 13. O-O O-O 14. a5 Rb8 15.
Qa3 Nfd7 16. Rb1 Nxd3 17. cxd3 Qc2 18. Ndc3 Qxd3 19. Ba7 Rb7 20. Rfd1 Qc2 21.
Nd4 Bxd4+ 22. Bxd4 Ne5 23. Bxe5 dxe5 24. b4 Rd7 25. Nd5 Rfd8 26. Rbc1 Qe2 27.
Nxe7+ Kg7 28. Nd5 Bb7 29. Qe3 Qb2 30. Qc3 Qxc3 31. Nxc3 Rd2 32. Rxd2 Rxd2 33.
Na4 Ra2 34. Rc7 Bxe4 35. fxe4 Rxa4 36. Rb7 Ra2 37. Rb6 Rb2 38. g4 f5 39. gxf5
gxf5 40. exf5 e4 41. Kf1 h5 42. h4 Kf7 43. Ke1 e3 44. Rxa6 Rxb4 45. Ra8 Rf4 46.
a6 1-0

[Event "BL 9192 Hannover-Sindelfingen"]
[Site "?"]
[Date "1992.??.??"]
[Round "?.2"]
[White "Dankert, P."]
[Black "Luther, T."]
[Result "0-1"]
[WhiteElo "2265"]
[BlackElo "2490"]
[PlyCount "73"]
[EventDate "1992.??.??"]

1. d4 e6 2. Nf3 c5 3. e3 Nf6 4. Bd3 b6 5. O-O Bb7 6. b3 cxd4 7. exd4 Be7 8. c4
O-O 9. Bb2 d5 10. Nbd2 Nbd7 11. Qe2 Rc8 12. Rac1 Rc7 13. Ne5 dxc4 14. bxc4 Nxe5
15. dxe5 Nd7 16. Rc3 h6 17. Bb1 Nc5 18. Nb3 Rd7 19. Nxc5 Bxc5 20. Qc2 g6 21.
Rg3 Qh4 22. Bc1 Rfd8 23. Rh3 Qg4 24. Rg3 Qh4 25. Rh3 Qg4 26. Rg3 Qh5 27. Rh3
Qxe5 28. Bxh6 Rd4 29. Rg3 Qh5 30. Bg5 R8d7 31. Qb3 Rd1 32. Bc2 Rxf1+ 33. Kxf1
Qxh2 34. Bf4 Qh1+ 35. Ke2 Bxg2 36. Qb1 Qxb1 37. Bxb1 0-1

[Event "BL 9192 Hannover-Sindelfingen"]
[Site "?"]
[Date "1992.??.??"]
[Round "?.6"]
[White "Koelle, A."]
[Black "Gerstner, W."]
[Result "1/2-1/2"]
[WhiteElo "2240"]
[BlackElo "2405"]
[PlyCount "49"]
[EventDate "1992.??.??"]

1. e4 c5 2. Nf3 e6 3. d4 cxd4 4. Nxd4 a6 5. Bd3 Qc7 6. O-O Nf6 7. Qe2 d6 8. Kh1
Be7 9. f4 Nbd7 10. Nd2 O-O 11. N2f3 Nc5 12. b4 Nxd3 13. cxd3 e5 14. Nb3 Be6 15.
Bd2 Bxb3 16. axb3 exf4 17. Nd4 Nd7 18. Nf5 Ne5 19. Bxf4 Ng6 20. Rac1 Qd7 21.
Qg4 Rfd8 22. Bg3 Bf8 23. h4 Kh8 24. Qe2 Rac8 25. d4 1/2-1/2

[Event "BL 9192 Hannover-Sindelfingen"]
[Site "?"]
[Date "1992.??.??"]
[Round "?.7"]
[White "Franke, H."]
[Black "Oppitz, P."]
[Result "1-0"]
[WhiteElo "2380"]
[BlackElo "2240"]
[PlyCount "83"]
[EventDate "1992.??.??"]

1. d4 d5 2. c4 e6 3. Nf3 c5 4. cxd5 exd5 5. Nc3 Nc6 6. g3 Nf6 7. Bg2 Be7 8. O-O
O-O 9. Bg5 cxd4 10. Nxd4 h6 11. Be3 Re8 12. Rc1 Bg4 13. h3 Be6 14. Nxe6 fxe6
15. f4 Qa5 16. Qa4 Bc5 17. Bxc5 Qxc5+ 18. Kh2 Qb6 19. e4 Rad8 20. e5 d4 21. Nb5
Nd5 22. Nd6 Re7 23. Bxd5 exd5 24. Qb5 Qxb5 25. Nxb5 a6 26. Nd6 Rxd6 27. exd6
Rd7 28. a3 Rxd6 29. Rfe1 Rd7 30. b4 Kf7 31. Rcd1 Na7 32. Rxd4 Nb5 33. Rd3 d4
34. Kg2 Rc7 35. Kf3 Rc4 36. Re4 Rc3 37. Rxc3 dxc3 38. Rc4 Nxa3 39. Rxc3 Nb5 40.
Rc8 Nd6 41. Rc7+ Kf6 42. Rd7 1-0

[Event "BL 9192 HSK-FTG Frankfurt"]
[Site "?"]
[Date "1992.??.??"]
[Round "?.1"]
[White "Khalifman, A."]
[Black "Wahls, M."]
[Result "1-0"]
[WhiteElo "2625"]
[BlackElo "2570"]
[PlyCount "87"]
[EventDate "1992.??.??"]

1. Nf3 Nf6 2. c4 g6 3. Nc3 Bg7 4. e4 d6 5. d4 O-O 6. Be2 e5 7. Be3 c6 8. Qd2
Qe7 9. d5 Ng4 10. Bg5 f6 11. Bh4 Na6 12. O-O Bh6 13. Qd1 Bf4 14. a3 g5 15. Bg3
c5 16. Nxg5 Nxh2 17. Bxf4 Nxf1 18. Ne6 Bxe6 19. Bh6 Ng3 20. fxg3 Bd7 21. Bxf8
Rxf8 22. Bg4 Nc7 23. Qf3 Bxg4 24. Qxg4+ Qg7 25. Qf3 Qg5 26. Rf1 Qd2 27. Nd1 Ne8
28. b3 a6 29. Ne3 Qd3 30. Nf5 Qd2 31. Qd1 Qb2 32. a4 Qc3 33. g4 Kh8 34. Rf3 Qb4
35. Kh2 b5 36. axb5 axb5 37. Qc1 bxc4 38. bxc4 Rg8 39. Ra3 Qb7 40. Qa1 Qb4 41.
Ra8 Qxc4 42. Rxe8 Rxe8 43. Qa7 Rg8 44. Qf7 1-0

[Event "BL 9192 HSK-FTG Frankfurt"]
[Site "?"]
[Date "1992.??.??"]
[Round "?.3"]
[White "Gutman, L."]
[Black "Mueller, Ka"]
[Result "1-0"]
[WhiteElo "2465"]
[BlackElo "2460"]
[PlyCount "119"]
[EventDate "1992.??.??"]

1. e4 e6 2. d3 d5 3. Nd2 Nf6 4. Ngf3 Nc6 5. g3 dxe4 6. dxe4 Bc5 7. h3 e5 8. Bg2
O-O 9. O-O a5 10. a4 b6 11. c3 Ba6 12. Re1 Qe7 13. Bf1 Bxf1 14. Nxf1 Rad8 15.
Qe2 Qe6 16. Kg2 Rd7 17. Ng5 Qe7 18. Qc4 h6 19. Nf3 Qe6 20. N1d2 Re8 21. Qxe6
Rxe6 22. Nc4 Rd3 23. Bd2 Ne8 24. Re2 Nd6 25. Ne1 Rxg3+ 26. fxg3 Nxc4 27. b3 Nd6
28. Rc1 Re7 29. Nc2 Rd7 30. Be1 Nb7 31. Rd2 Re7 32. Rd5 Bd6 33. b4 Re6 34. Ne3
axb4 35. cxb4 Nxb4 36. Rxd6 Nxd6 37. Bxb4 c5 38. Be1 Nxe4 39. Rb1 Nf6 40. Nc4
Nd5 41. Rd1 Nf6 42. Bc3 e4 43. Bxf6 Rxf6 44. Rd8+ Kh7 45. Re8 Rf3 46. Nxb6 Rb3
47. a5 Rb2+ 48. Kf1 Ra2 49. Nc4 Ra4 50. Nd6 Rxa5 51. Rxe4 Ra7 52. Re5 Rc7 53.
Nc4 Kg6 54. g4 Kf6 55. Kf2 g6 56. Kf3 Rc6 57. Rd5 Ke7 58. Ke4 Rc7 59. Re5+ Kf6
60. Nd6 1-0